000 00707nam a22001815i 4500
001 166924
003 ES-MaACL
005 20240203062552.0
008 960320s1879 sp |||| | spa d
040 _aCLM
_bspa
_cCCPB | SIC
100 1 _aValle, Manuel María del.
_9112772
245 1 0 _aDiscurso leido en la Universidad Central
_b: en la solemne inauguración del curso académico de 1879 a 1880 /
_cpor Manuel María del Valle y Cárdenas.
260 _aMadrid :
_b[s.n.],
_c1879 (
_fImp. de José M. Ducazcal)
300 _a114 p. ;
_c26 cm.
710 2 0 _aUniversidad Central (Madrid)
_97084
852 _aES-MaACL
_jT-324-F-3
_z-- Enc. hol.
_z-- Enc. en un vol. facticio
999 _c166924
_d166924